000 00476nam a2200133 a 4500
008 120416s1962 ||||||||||||||||| || u
050 _aDA 110 Sam
100 _aSampson, Anthony
245 1 0 _aAnatomy of Britain
260 _aLondon
_bHodder and Stoughton
_c1962
300 _axiv, 662p.
350 _a0.00
995 _D0.00
_FCBU-MAIN LIBRARY (Kitwe)
_H1
_I0.00
_M1
_UAVAILABLE
_WJun 23, 2006
_ZAnnex Low-Usage Collection
999 _c34391
_d34391